1499 1054 1968 1788 1192 1449 1700 1129 1347 1831 1637 1248 1336 1120 1969 1632 1056 1159 1840 1801 1013 1271 1417 1485 1783 1349 1374 1467 1954 1050 1880 1390 1367 1961 1496 1240 1012 1223 1911 1194 1023 1114 1140 1107 1167 1015 1840 1984 1955 1414 1706 1960 1165 1147 1892 1771 1886 1313 1465 1120 1579 1680 1542 1625 1609 1947 1693 1032 1090 1935 1523 1897 1590 1435 1630 1688 1691 1626 1031 1729 1289 1955 1583 1842 1167 1655 1481 1099 1761 1125 1090 1599 1180 1014 1476 1853 1420 1748 1795 BCNSPRNW ULIB Ver.6.0+V

เปลี่ยนเป็นภาษาไทย

Change to English
 แสดงรายละเอียดบรรณานุกรม
  กลับหน้าหลัก

Brief Record : Get Marc (ISO 2709) : E-mail record : QR code < ปิดหน้าต่าง
LEADER : 00000nam 2200000uu 4500
001    13399122232
003     ULIB
008    130116s||||||||th 000 0 tha d
020    ^a9780521603379
050  4 ^aPE1131^bR312f
100 1  ^aRedston, Chris.
245 10 ^aFace2face ^bUpper internediate students book with cd-rom/audio cd B2 / ^cChris Redston, Gillie Cunningham.
250    ^a6th ed
260    ^a[S.l.] : ^bCambridge University Press, ^c2010.
300    ^a160 p. ; ^c28 cm.
650  0 ^aEnglish--Use
700 1  ^aCunningham, Gillie.
945    ^p0^l0^i19707
945    ^p0^l0^i19708
995    ^aKanchaporn
999 ^a ใช้งานได้ทุกระบบ
รายการนี้ยังไม่มีแท็ก
คุณยังไม่ได้ล็อกอิน คุณสามารถมีกิจกรรมร่วมกับเว็บไซต์ได้ แต่ต้องล็อกอินก่อน ::
  ล็อกอิน

รายการสื่อสารสนเทศ

ลำดับที่ ประเภท เลขเรียก/บาร์โค้ด สถานที่ สถานะ
1. การศึกษาทั่วไป
การศึกษาทั่วไป
PE1131 R312f  
  Barcode: 19707
ห้องสมุดวิทยาเขตสวรรค์ประชารักษ์
►หนังสือทั่วไป
บนชั้น
2. การศึกษาทั่วไป
การศึกษาทั่วไป
PE1131 R312f ฉ.2 
  Barcode: 19708
ห้องสมุดวิทยาเขตสวรรค์ประชารักษ์
►หนังสือทั่วไป
บนชั้น

รายการใกล้เคียง
    ผู้แต่ง [Redston, Chris.]

    หัวเรื่อง [English--Use]

BibComment


ยังไม่เคยถูกคอมเมนท์

คอมเมนท์ทรัพยากรรายการนี้
  คอมเมนท์: Face2face Upper..


 Copyright 2026. Bcnsprnw @Library